Doctor Magín Pont Mestres : tributos y empresas tributos y empresas
ISBN:
84-475-2859-6
Descripción Física:
X, 795 p. ; 24 cm
Colección:
Homenatges ; 21
Otros Autores:
Pont Mestres, Magín
MARC
| LEADER | 00000nam a2200000Ia 4500 | ||
|---|---|---|---|
| 001 | 19471 | ||
| 008 | 160829s2004 xx 000 0 cat d | ||
| 020 | |a 84-475-2859-6 | ||
| 080 | |a M-5-449 | ||
| 245 | |a Doctor Magín Pont Mestres : |b tributos y empresas | ||
| 260 | |a Barcelona : |b Publicacions i Edicions Universitat de Barcelona, |c 2004 | ||
| 300 | |a X, 795 p. ; |c 24 cm | ||
| 490 | |a Homenatges ; 21 | ||
| 590 | |a Bibliografia | ||
| 650 | |a Dret fiscal |9 27490 | ||
| 650 | |a Empreses |x Impostos |9 27491 | ||
| 700 | |a Pont Mestres, Magín |9 27492 | ||
| 710 | 2 | |a Universitat de Barcelona |9 51297 | |
| 901 | |a Arxiu | ||
| 942 | |n 1 | ||
| 952 | |0 0 |1 0 |4 0 |6 M5449 |7 1 |9 44410 |a Arxiu |b Arxiu |d 2016-12-01 |l 0 |o M-5-449 |p 19471 |r 2016-12-01 00:00:00 |w 2016-12-01 |y ARXIU | ||
| 999 | |c 46991 |d 46991 | ||